000 00609nam a2200229Ia 4500
003 GCL
008 140319s9999 xx 000 0 eng d
040 _aGCL /
_cGCL
082 0 4 _a841.1
_bT T
100 1 _aTRISTAN, FREDERICK
245 1 0 _aTRISTAN ET ISEUT : LES POEMES FRANCAIS, LA SAGA NORROISE /
_cTRISTAN, FREDERICK
700 1 _aLACROIX, DANIEL
700 1 _aWALTER, PHILIPPE
260 _a[S.N] :
_bLE LIVRE DE POCHE ،
_c1989
300 _a665
650 0 4 _aLITERATURE
650 0 4 _aPOEMS
650 0 4 _aPOETRY
650 0 4 _aFRENCH POETRY
650 0 4 _aFRENCH LITERATURE
942 _2ddc
_cBK
999 _c25453
_d25453